000 00873nam a22002297a 4500
005 2010072205365.0
010 _aENG-97358
020 _c880.00
_a9788184501506 (v.3)
035 _aEN-80891
037 _bDBAD/PUB
082 _a370.954
100 _aMohanty, Jagannath
_93464
245 _aIndian culture and education /
_cby Jagannath Mohanty
260 _aNew Delhi
_bDeep & Deep Publications
_c2009
270 _aF-159, Rajouri Garden,
_bNew Delhi
_e110002
300 _av.3 (xii, 211p.)
_c23cm (Hb)
490 _aEncyclopaedia of education, culture and children's literature-3
_93465
500 _aIncludes bibliographical references and index
700 _92609
942 _2ddc
_cEN
_mMOH
_h370.954
999 _c38257
_d38257